|
|
|
|
| LEADER |
00000nab a2200000ua 4500 |
| 001 |
vtls010797080 |
| 003 |
SK-MaSNL |
| 005 |
20260303221915.0 |
| 008 |
230222s2004 xo |||||||||||||||||eng| |
| 035 |
|
|
|a (urnnbn)urn:nbn:sk:snk:ar-a04hq3
|
| 035 |
|
|
|a (uuid)54e1052f-92c9-4b4e-b984-492cfb45cf64
|
| 035 |
|
|
|a urn:nbn:sk:snk-ab4snk
|
| 040 |
|
|
|a SNKBUCL
|b slo
|c SNKBUCL
|e AACR2
|
| 041 |
0 |
|
|a eng
|
| 044 |
|
|
|a xo
|c SK
|
| 100 |
1 |
|
|a Petr, Boreš
|4 aut
|9 1255861
|
| 245 |
1 |
0 |
|a COMPUTERS AND THE TEACHING OF THE TECHNICAL SUBJECTS
|c Boreš Petr, Tichá Daša
|
| 700 |
1 |
|
|a Tichá, Daša
|4 aut
|9 47366
|
| 773 |
0 |
|
|t Advances in electrical and electronic engineering
|g Roč. 3, č. 2 (2004), s. 27-28
|
| 958 |
|
|
|a OND
|
| 958 |
|
|
|a EUIPO
|
| 958 |
|
|
|a article3
|
| 999 |
|
|
|c 2236842
|d 2238772
|